S.Chand's RRB : (Record no. 102941)

MARC details
000 -LEADER
fixed length control field 00593nam a22001937a 4500
005 - DATE AND TIME OF LATEST TRANSACTION
control field 20160831163730.0
010 ## - LCCN (DPL NO)
LC control number ENG-115883
020 ## - INTERNATIONAL STANDARD BOOK NUMBER
International Standard Book Number 9789352531653
Terms of availability 265.00
035 ## - SYSTEM CONTROL NUMBER
System control number EN-99415
037 ## - SOURCE OF ACQUISITION
Source of stock number/acquisition DBAD/PUB
082 ## - DEWEY DECIMAL CLASSIFICATION NUMBER
Classification number 000
100 ## - MAIN ENTRY--PERSONAL NAME
Personal name Khurana,KJS
245 ## - TITLE STATEMENT
Title S.Chand's RRB :
Remainder of title railway recruitment board (CBT) /
Statement of responsibility, etc by KJS Khurana [and] Rajeev Markanday
260 ## - PUBLICATION, DISTRIBUTION, ETC. (IMPRINT)
Place of publication, distribution, etc New Delhi
Name of publisher, distributor, etc S.Chand & Company
Date of publication, distribution, etc 2016
270 ## - ADDRESS
Address 7361,Ram Nagar
City New Delhi
Postal code 110055
300 ## - PHYSICAL DESCRIPTION
Extent Verious Pagings.
Dimensions 24cm(pbk)
700 ## - ADDED ENTRY--PERSONAL NAME
Personal name Markanday,Rajeev
942 ## - ADDED ENTRY ELEMENTS (KOHA)
Source of classification or shelving scheme Dewey Decimal Classification
Item type English Books
Classification part 000
Call number suffix KHU
Holdings
Withdrawn status Lost status Not for loan Collection code Home library Current library Date acquired Source of acquisition Cost, normal purchase price Full call number Barcode Copy number Cost, replacement price Koha item type
      Non-fiction Patel Nagar Patel Nagar 31/08/2016 DBAD/PUB 295.00 000 KHU EN-99415 1 295.00 English Books

© Delhi Public Library
Hit Counter
free hit counter